Информационные системы и технологии
Данное учебное пособие разработано в соответствии с рабочей программой дисциплины «Информационные системы и технологии». Пособие включает в себя 9 глав. Каждая глава ориентирована на раскрытие основных элементов, на которых строятся современные информационные системы. Структура учебного пособия напр...
Сохранить в:
| Главный автор: | |
|---|---|
| Формат: | Книга |
| Язык: | Russian |
| Опубликовано: |
Санкт-Петербург
СПбГИКиТ
2020
|
| Online-ссылка: | https://e.lanbook.com/book/415802 https://e.lanbook.com/img/cover/book/415802.jpg |
| Метки: |
Добавить метку
Нет меток, Требуется 1-ая метка записи!
|
| LEADER | 01959nam0a2200277 i 4500 | ||
|---|---|---|---|
| 001 | 415802 | ||
| 003 | RuSpLAN | ||
| 005 | 20240625153849.0 | ||
| 008 | 240625s2020 ru gs 000 0 rus | ||
| 020 | |a 978-5-94760-397-2 | ||
| 040 | |a RuSpLAN | ||
| 041 | 0 | |a rus | |
| 044 | |a ru | ||
| 080 | |a 004 | ||
| 084 | |a 32.971.35 |2 rubbk | ||
| 245 | 0 | 0 | |a Информационные системы и технологии |c Магомедов М. Н. |
| 260 | |a Санкт-Петербург |b СПбГИКиТ |c 2020 | ||
| 300 | |a 89 с. | ||
| 504 | |a Библиогр.: доступна в карточке книги, на сайте ЭБС Лань | ||
| 520 | 8 | |a Данное учебное пособие разработано в соответствии с рабочей программой дисциплины «Информационные системы и технологии». Пособие включает в себя 9 глав. Каждая глава ориентирована на раскрытие основных элементов, на которых строятся современные информационные системы. Структура учебного пособия направлена на поэтапное изучение дисциплины с целью формирования знаний в области информационных систем и технологий. Пособие предназначено для студентов СПбГИКиТ, обучающихся по всем творческим направлениям подготовки и специальностя | |
| 521 | 8 | |a Книга из коллекции СПбГИКиТ - Информатика | |
| 521 | 8 | |a СЭБ | |
| 100 | 1 | |a Магомедов М. Н. | |
| 856 | 4 | |u https://e.lanbook.com/book/415802 | |
| 856 | 4 | 8 | |u https://e.lanbook.com/img/cover/book/415802.jpg |
| 953 | |a https://e.lanbook.com/img/cover/book/415802.jpg | ||